000 004750000a22001690004500
041 0 _aeng
082 0 4 _aG 269.209 H268g
100 1 _aHardy, Edwin Noah (1861- )
245 1 0 _aGeorge Whitefield : The matchless soul winner / Edwin Noah Hardy
260 _aNew York, N.Y., USA : American Tract Society
300 _a298 Pag
001 8150
942 _cBK
999 _c38343
_d38343
336 _atexto
_btxt
_2rdacontent
337 _2rdamedia
_asin mediación
_bn
338 _2rdacarrier
_avolumen
_bnc